Базельские колокола: Роман

Bibliografske podrobnosti
Glavni avtor: Арагон Л. Луи
Drugi avtorji: Триоле Э. (переводчик), Балашова Т. (автор предисловия)
Jezik:ruščina
Izdano: Москва, Художественная литература, 1979
Teme:
Format: MixedMaterials Knjiga
KOHA link:https://koha.lib.tpu.ru/cgi-bin/koha/opac-detail.pl?biblionumber=124553

MARC

LEADER 00000nam0a2200000 4500
001 124553
005 20231101215857.0
020 |a RU  |b 79-68631 
035 |a (RuTPU)RU\TPU\book\134804 
090 |a 124553 
100 |a 20071102d1979 m y0rusy5003 ca 
101 1 |a rus  |c fre 
102 |a RU 
105 |a y z 000ay 
200 1 |a Базельские колокола  |e Роман  |f Л. Арагон  |g пер. с фр. Э. Триоле ; авт. предисл. Т. Балашова 
210 |a Москва  |c Художественная литература  |d 1979 
215 |a 304 с. 
610 1 |a французская литература 
610 1 |a Франция 
610 1 |a 19 век 
610 1 |a 20 век 
610 1 |a романы 
675 |a 84  |z rus 
700 1 |a Арагон  |b Л.  |c французский писатель  |f 1897-1982  |g Луи  |2 stltpush  |3 (RuTPU)RU\TPU\pers\39358  |9 20973 
702 1 |a Триоле  |b Э.  |4 730 
702 1 |a Балашова  |b Т.  |4 080 
801 0 |a RU  |b RuMRKP  |c 19950704  |g psbo 
801 1 |a RU  |b 63413507  |c 20071102  |g PSBO 
801 2 |a RU  |b 63413507  |c 20170912  |g PSBO 
942 |c BK